000 00397nam a2200145Ia 4500
008 100122s9999 xx 000 0 und d
082 _b35099
_a823
100 _aसाळगावकर वि द
245 _aहंसगान
260 _bराजीव साळगावकर
_c1983
300 _a72
630 _aहंसगान
730 _aहंसगान
942 _cBOOK
999 _c418482
_d418479